| 000 | 00412nam a2200145Ia 4500 | ||
|---|---|---|---|
| 008 | 220217s9999||||xx |||||||||||||| ||und|| | ||
| 020 | _a81-7808-327-2 | ||
| 082 | _a610.28 CAR | ||
| 100 |
_aCarr, Joseph, J Brown, John, M _92135 |
||
| 245 | 0 | _aIntroduction to biomedical equipment technology | |
| 250 | _a4th | ||
| 260 |
_aPearson education asia _bDelhi _c2001 |
||
| 300 | _b450 | ||
| 650 | _aELECTRONICS | ||
| 999 |
_c168331 _d168331 |
||